000 01298nam a2200337 a 4500
001 openingup00boyc
003 CaSfIA
005 20210118194923.0
007 cr||||
008 820330s1980 enkac 000 0 eng
010 _a 80149169
040 _aDLC
_cDLC
_dCaSfIA
015 _aGB80-32224
020 _a0213167603 :
_c£5.95
020 _a9780213167608
035 _a(OCoLC)8386217
050 0 _aGV917
_b.B675
082 0 _a796.35/82
_219
100 1 _aBoycott, Geoff.
245 1 0 _aOpening up /
_h[electronic resource]
_c[by] Geoff Boycott.
260 _aLondon :
_bA. Barker,
_c1980.
300 _a183 p. :
_bill., ports. ;
_c26 cm.
650 0 _aCricket.
856 4 1 _uhttp://www.archive.org/details/openingup00boyc
_zFree eBook from the Internet Archive
856 4 2 _uhttp://www.openlibrary.org/books/OL4166975M
_zAdditional information and access via Open Library
029 1 _aNZ1
_b3840952
029 1 _aAU@
_b000001860200
942 _cEB
506 _fНеобхідна авторизація на https://archive.org/ (створення облікового запису безкоштовно)
506 _fНеобхідна авторизація на https://openlibrary.org/ (створення облікового запису безкоштовно)
999 _c533347
_d533347